| 000 | 00560nam a22001697a 4500 | ||
|---|---|---|---|
| 999 |
_c18530 _d18530 |
||
| 003 | AR-CdUCM | ||
| 008 | 190514b ||||| |||| 00| 0 spa d | ||
| 040 |
_aMUNICIPALIDAD PROVINCIAL DEL CUSCO _cBIBLIOTECA MUNICIPAL DEL CUSCO |
||
| 082 |
_a301.04 / _bB64 / 1932 |
||
| 100 |
_aBloch, Jean Richard _915935 |
||
| 245 |
_aDestino del siglo : _bEnsayos para la mejor comprensión de la epoca / |
||
| 260 |
_aSantiago : _bEdiciones extra, _c1932. |
||
| 300 |
_a164 paginas ; _c19.5 cm |
||
| 650 |
_aHistoria _9136 |
||
| 942 |
_2ddc _cLIBROS |
||
| 945 |
_apjha _d2019-05-14 |
||